00556naa a2200169 a 450000100080000000500110000800800410001910000200006024501230008026000090020365300180021270000200023070000210025070000160027170000200028777300790030718559922011-09-12 2010 bl uuuu u00u1 u #d1 aPARRA, J. R. P. aBioecologia do vetor Diaphorina citri e transmissão de bactérias associadas ao huanglongbing.h[electronic resource] c2010 aHuanglongbing1 aLOPES, J. R. S.1 aTORRES, M. L. G.1 aNAVA, D. E.1 aPAIVA, P. E. B. tCitrus Research & Technology, Cordeirópolisgv. 31, n. 1, p. 37-51, 2010.